Map quiz - Hydrographie du monde - Statistiques

Statistiques générales
  • Ce quiz a été pris 58 fois
  • Le résultat moyen est 12 sur 20
Réponses sur la Carte
Les réponses sont colorées sur une échelle allant du rouge au vert en fonction du pourcentage des utilisateurs qui les ont devinées à leur premier essai. Vous pouvez retrouver ces pourcentages ci-dessous.
 
Statistiques - réponses
Type de quiz Réponse % Correct
Mer Noir
82%
Mer Rouge
82%
Golfe du Mexique
78%
Mer Caraibes
76%
Mer Baltique
74%
Mer Caspienne
68%
Golfe de Guinée
68%
Mer de Chine
62%
Lac Titicaca
62%
Baie d' Hudson
60%
Golfe Persique
60%
Lac Victoria
60%
Lac Leman
56%
Lac Superieur
56%
Lac Baïkal
54%
Mer Morte
52%
Golfe du Bengale
50%
Baie de San Francisco
40%
Baie d' Halong
16%
Lac Eyre
8%
Aucun quiz correspondant
Distribution des résultats
% des personnes avec chaque résultat
Percentile par nombre de réponses
Votre historique - résultats
Vous n’avez pas pris ce quiz